Farm-up: an android-based application targeted towars improving familial bonds (Record no. 364967)
[ view plain ]
| 000 -LEADER | |
|---|---|
| fixed length control field | 00491nam a22001457a 4500 |
| 003 - CONTROL NUMBER IDENTIFIER | |
| control field | 0 |
| 005 - DATE AND TIME OF LATEST TRANSACTION | |
| control field | 20230610085155.0 |
| 008 - FIXED-LENGTH DATA ELEMENTS--GENERAL INFORMATION | |
| fixed length control field | 230610b xxu||||| |||| 00| 0 eng d |
| 050 ## - LIBRARY OF CONGRESS CALL NUMBER | |
| Classification number | QA76.76 |
| Item number | .P36 2022 |
| 245 ## - TITLE STATEMENT | |
| Title | Farm-up: an android-based application targeted towars improving familial bonds |
| Statement of responsibility, etc | Pamintuan, Kenneth E.J. |
| 260 ## - PUBLICATION, DISTRIBUTION, ETC. (IMPRINT) | |
| Place of publication, distribution, etc | Las Pinas City |
| Name of publisher, distributor, etc | Southville International School and Colleges |
| Date of publication, distribution, etc | C2022 |
| 300 ## - PHYSICAL DESCRIPTION | |
| Extent | x,157pp. |
| Dimensions | 28cm. |
| 500 ## - GENERAL NOTE | |
| General note | Android based application. |
| 942 ## - ADDED ENTRY ELEMENTS (KOHA) | |
| Source of classification or shelving scheme | Library of Congress Classification |
| Koha item type | Theses |
| Withdrawn status | Lost status | Source of classification or shelving scheme | Damaged status | Home library | Current library | Shelving location | Date acquired | Source of acquisition | Sub Shelving location | Total Checkouts | Full call number | Barcode | Date last seen | Price effective from | Koha item type |
|---|---|---|---|---|---|---|---|---|---|---|---|---|---|---|---|
| Library of Congress Classification | College Library | College Library | Theses Section | 06/10/2023 | Donation | QA76.76 .P36 2022 | T1178 | 06/10/2023 | 06/10/2023 | Theses |